Familia escuela una relación vital

Saved in:
Bibliografiske detaljer
Hovedforfatter: Diez, Juan José (Author)
Format: Bog
Sprog:spansk
Udgivet: Madrid Narcea 1982
Serier:Padres
Fag:
Tags: Tilføj Tag
Ingen Tags, Vær først til at tagge denne postø!

MARC

LEADER 00000nam a2200000 a 4500
001 UCY7983
003 CL-VaPUC
008 950623e19820000SP |||||||||||||||||spa|d
082 0 4 |a 370.193  |b DIE  |2 21 
100 0 |a Diez, Juan José  |e author  |9 339013 
245 1 0 |a Familia escuela una relación vital 
300 |a 110 p 
942 |c BK 
945 |d 19950623 00:00:00  |a mfernand 
260 |a Madrid  |b Narcea  |c 1982 
650 7 |a RELACIONES PADRES ESCUELA  |2 CL-VaPUC  |9 337206 
650 0 |a Actitud de los padres  |9 338991 
650 7 |a PARTICIPACION DE LOS PADRES  |2 CL-VaPUC  |9 339015 
650 7 |a ROL DE LOS PADRES  |2 CL-VaPUC  |9 338980 
650 7 |a RESPONSABILIDAD DE LOS PADRES  |2 CL-VaPUC  |9 339016 
651 0 |a España  |9 254926 
583 |a last modification  |c 19950623 00:00:00  |k Rodrigo Vera 
490 0 |a Padres 
999 |c 235274  |d 235272 
952 |0 0  |1 0  |4 0  |6 370_193000000000000_DIE_1982  |7 0  |8 A  |9 242576  |a BIBEDU  |b BIBEDU  |d 2019-11-18  |i 1523724  |o 370.193 DIE 1982  |p 1523724  |r 2019-11-18  |w 2019-11-18  |y BK  |k EDU